Kettős identitás

Elmentve itt :
Bibliográfiai részletek
Szerző: Miheller Hajnalka
Dokumentumtípus: Cikk
Megjelent: 2006
Sorozat:Iskolakultúra 16 No. 7-8
Online Access:http://misc.bibl.u-szeged.hu/41223
LEADER 00555nab a2200169 i 4500
001 misc41223
005 20191106140710.0
008 180709s2006 hu o 0|| zxx d
022 |a 1215-5233 
040 |a SZTE Miscellanea Repozitórium  |b hun 
041 |a zxx 
100 1 |a Miheller Hajnalka 
245 1 0 |a Kettős identitás  |h [elektronikus dokumentum] /  |c  Miheller Hajnalka 
260 |c 2006 
300 |a 194-196 
490 0 |a Iskolakultúra  |v 16 No. 7-8 
856 4 0 |u http://misc.bibl.u-szeged.hu/41223/1/EPA00011_iskolakultura_2006_07_08_194-196.pdf  |z Dokumentum-elérés